000 00418nam a2200181Ia 4500
001 15746
005 20260306170218.0
008 260306t2008||||xx |||||||||||||| ||und||
041 _aESP
082 _a604.2
_bS74 2008
100 _aSpencer, Henry Cecil
_eAUT
245 0 _aDibujo técnico
260 _c2008
300 _a590 páginas :
_c25 cm.
650 _aGEN
654 _aCAU
942 _cLIB
_dJUS
_fJUS
_2ddc
_n
999 _c15746
_d15746